40 Landmarks: Northwest Italy Quiz Stats

 Plays Quiz not verified by Sporcle

Score 0/40 Timer 10:00
0 Plays Today
% Correct
The Turin Shroud, Turin Cathedral, Tuin
65.3%
The Last Supper, Santa Maria delle Grazie, Milan
60.6%
Milan Cathedral, Milan
60.1%
Sforza Castle, Milan
53.9%
The Lighthouse of Genoa, Genoa
49.2%
Autodromo Nazionale Monza, Monza
44%
The Arch of Augustus, Aosta
43.5%
The Old Cathedral, Brescia
39.4%
Saint-Pierre Castle, Saint-Pierre
38.9%
Palazzina di Caccia di Stupinigi, Stupinigi
37.5%
La Scala, Milan
36.8%
Pirelli Tower, Milan
35.9%
Stadio Luigi Ferraris, Genoa
35.2%
San Siro, Milan
35.2%
Galleria Vittorio Emanuele II, Milan
34.8%
Christ of the Abyss, Camogli
34.2%
Milano Centrale, Milan
33.2%
The Palace of St. George, Genoa
31.6%
The Mole Antonelliana, Turin
30.6%
The Royal Palace of Genoa, Genoa
28.5%
% Correct
Torre UniCredit, Milan
28%
The Palatine Gate, Turin
27.5%
Genoa Cathedral, Genoa
26.9%
The Tree of Life, Milan
26.9%
The Royal Palace of Turin, Turin
25.4%
Pinacoteca Giovanni e Marella Agnelli, Lingotto, Turin
24.9%
The Castle of Valentino, Turin
24.4%
Pala Alpitour, Turin
23.3%
Palavela, Turin
23.2%
Allianz Stadium, Turin
22.8%
Torre Velasca, Milan
22.3%
La Biosfera, Genoa
22.3%
Arco della Pace, Milan
21.2%
The Neptune, Genoa
20.2%
Bosco Verticale, Milan
20%
San Fruttuoso Abbey, Camogli
19.7%
Palazzo Marino, Milan
19.2%
The Basilica of Santa Maria Maggiore, Bergamo
18.1%
The New Cathedral, Brescia
16.1%
Stadio del Trampolino, Pragelato
13.6%

You're not logged in!

Compare scores with friends on all Sporcle quizzes.
OR
Log In

Show Comments

Extras

Top Quizzes Today


Score Distribution

Your Account Isn't Verified!

In order to create a playlist on Sporcle, you need to verify the email address you used during registration. Go to your Sporcle Settings to finish the process.

Report this User

Report this user for behavior that violates our Community Guidelines.

Details: